| 000 | 00446nam a2200193Ia 4500 | ||
|---|---|---|---|
| 005 | 20250425161351.0 | ||
| 008 | 250425s9999 xx 000 0 und d | ||
| 041 | _aspa | ||
| 082 | _a624.171 | ||
| 100 | _aKISELIOV, V. A. | ||
| 245 | 0 | _aMECANICA DE CONSTRUCCION (TOMO I) | |
| 250 | _a3A ED. | ||
| 260 | _aMOSCOW | ||
| 260 |
_aRusia _bMIR _c1982 |
||
| 300 | _a344 | ||
| 650 | _aMECANICA DE CONSTRUCCION | ||
| 942 | _c01 | ||
| 010 | _a18717 | ||
| 999 |
_c207819 _d207819 |
||